| 000 | 00839cam a2200229 a 4500 | ||
|---|---|---|---|
| 001 | 15442347 | ||
| 005 | 20250120134925.0 | ||
| 008 | 080908s2009 enk b 001 0 eng | ||
| 020 | _a9780273717553 (pbk.) | ||
| 020 | _a0273717553 (pbk.) | ||
| 050 | 0 | 0 |
_aHF5657.4 _b.P763 2009 |
| 082 | 0 | 0 |
_a658.15/11 _222 |
| 100 | 1 | _aProctor, Ray. | |
| 245 | 1 | 0 |
_aManagerial accounting for business decisions / _cRay Proctor ; with contributions from Nigel Burton, Adrian Pierce and Gary Burmiston. |
| 250 | _a3rd ed. | ||
| 260 |
_aHarlow, England ; _aNew York : _bPrentice Hall, _c2009. |
||
| 300 |
_axxv, 567 p. ; _c25 cm. |
||
| 500 | _aIncludes bibliographical references and index. | ||
| 650 | 0 | _aManagerial accounting. | |
| 856 | 4 | 1 |
_3Table of contents only _uhttp://www.loc.gov/catdir/toc/ecip0827/2008039113.html |
| 942 |
_2lcc _cBK _e3rd Ed. _n0 |
||
| 999 |
_c2727 _d2727 |
||